CCNM 2003-2004 integrated programme of activities

Gespeichert in:
Bibliographische Detailangaben
Körperschaft: OECD - Centre for Co-operation with Non-members
Format: Buch
Sprache:Englisch
Veröffentlicht: Paris OECD 2004
Schlagworte:
Tags: Tag hinzufügen
Keine Tags, Fügen Sie das erste Tag hinzu!

MARC

LEADER 00000nam a2200000 4500
001 0017631
005 20240315120432.9
041 0 |a eng 
044 |a FR 
245 1 0 |a CCNM 2003-2004  |b integrated programme of activities 
264 1 |a Paris  |b OECD  |c 2004 
300 |a 221 s. 
610 2 0 |a integrácia ekonomická medzinárodná 
610 2 0 |a spolupráca medzinárodná 
610 2 0 |a globalizácia 
610 2 0 |a globalizácia hospodárstva 
610 2 0 |a Európa 
610 2 0 |a Ázia 
610 2 0 |a Latinská Amerika 
610 2 0 |a SVE 
610 2 0 |a programy rozvojové 
610 2 0 |a organizácie medzinárodné 
610 2 0 |a svet 
610 2 0 |a OECD 
610 2 0 |a 2003-2004 
710 2 |a OECD - Centre for Co-operation with Non-members